Deutschland in farbenphotographic. (Record no. 55716)

MARC details
000 -LEADER
campo de control de longitud fija 00580nam a2200193 i 4500
001 - NÚMERO DE CONTROL
campo de control 55716
003 - IDENTIFICADOR DE NÚMERO DE CONTROL
campo de control ES-MaACL
005 - FECHA Y HORA DE LA ÚLTIMA TRANSACCIÓN
campo de control 20230906163214.0
007 - CAMPO FIJO DE DESCRIPCIÓN FÍSICA--INFORMACIÓN GENERAL
campo de control de longitud fija t|
008 - DATOS DE LONGITUD FIJA--INFORMACIÓN GENERAL
campo de control de longitud fija 030925s1924 gw ||||1| ger d
245 00 - MENCIÓN DEL TÍTULO
Título Deutschland in farbenphotographic.
260 ## - PUBLICACIÓN, DISTRIBUCIÓN, ETC.
Lugar de publicación, distribución, etc. Berlin :
Nombre del editor, distribuidor, etc. Carl Meller,
Fecha de publicación, distribución, etc. 1924 (
Fabricante Foster und Barries)
300 ## - DESCRIPCIÓN FÍSICA
Extensión 1 v. :
Otras características físicas il. ;
Dimensiones 36 cm.
505 8# - NOTA DE CONTENIDO CON FORMATO
Nota de contenido con formato Contiene: V. VIII: Schlesien / con Heinz Braune und Konrad Hahnn
700 1# - ENTRADA AGREGADA--NOMBRE PERSONAL
Nombre de persona Braune, Heinz.
9 (RLIN) 31423
700 1# - ENTRADA AGREGADA--NOMBRE PERSONAL
Nombre de persona Hahnn, Konrad.
9 (RLIN) 61480
740 0# - ENTRADA AGREGADA--TÍTULO RELACIONADO/ANALÍTICO NO CONTROLADO
Título relacionado o analítico no controlado Schlesien.
852 ## - LOCALIZACIÓN
Ubicación ES-MaACL
Número de control de estantería F-15568
Sublocalización o colección R.19229
Holdings
Estatus retirado Estado de pérdida Estado de daño No para préstamo Biblioteca de origen Biblioteca actual Ubicación en estantería Fecha de adquisición Fuente de adquisición Total de préstamos Signatura topográfica completa Código de barras Visto por última vez Precio de reemplazo Tipo de ítem Koha
        Biblioteca del Ateneo de Madrid Biblioteca del Ateneo de Madrid Sala Pecera Planta 2 17/01/2008     F-15568 1058529 23/02/2023 23/02/2023 Libro impreso